Relazione Paese I 2010 sulla situazione delle persone LGBT ITALIA

Saved in:
Bibliografiske detaljer
Hovedforfatter: Sansonetti, Silvia
Institution som forfatter: Rete di esperti socioeconomici nel settore della non discriminazione
Format: Bog
Sprog:engelsk
Udgivet: Utrecht, Vienna Human European Consultancy (Utrecht), OSB Consulting GmbH (Vienna) 2010
Tags: Tilføj Tag
Ingen Tags, Vær først til at tagge denne postø!

MARC

LEADER 00000nam a2200000 4500
005 20240605174113.0
008 240605b |||||||| |||| 00| 0 eng d
040 |c GP 
100 |a Sansonetti, Silvia 
110 |a Rete di esperti socioeconomici nel settore della non discriminazione 
245 |a Relazione Paese I 2010 sulla situazione delle persone LGBT ITALIA 
260 |a Utrecht, Vienna  |b Human European Consultancy (Utrecht), OSB Consulting GmbH (Vienna)  |c 2010 
942 |2 ddc  |c BK  |n 0 
952 |0 0  |1 0  |2 ddc  |4 0  |6 306_766000000000000_SAN  |7 1  |9 1350  |a RM  |b RM  |d 2024-06-05  |l 0  |o 306.766 SAN  |p 180  |r 2024-06-05 17:34:50  |w 2024-06-05  |y BK 
999 |c 1240  |d 1240